Biochemical changes associated with growth of Pleurotus sajor-caju on oil palm frond parenchyma tissue /
Saved in:
| Main Author: | |
|---|---|
| Format: | Thesis Book |
| Language: | English |
| Published: |
Kuala Lumpur :
Institut Pengajian Tinggi, Universiti Malaya,
1994.
|
| Subjects: | |
| Tags: |
Add Tag
No Tags, Be the first to tag this record!
|
| LEADER | 01289cam a2200301 a 4500 | ||
|---|---|---|---|
| 001 | u80294 | ||
| 003 | SIRSI | ||
| 008 | 880715s1994 my t 01 eng m | ||
| 035 | |a AAI-7356 | ||
| 040 | |a UMM | ||
| 090 | |a QR135.5 |b L54Lin | ||
| 091 | |a Microfiche 14714 | ||
| 100 | 1 | 0 | |a Ling, Sui Kiong |
| 245 | 1 | 0 | |a Biochemical changes associated with growth of Pleurotus sajor-caju on oil palm frond parenchyma tissue / |c Ling Sui Kiong. |
| 260 | |a Kuala Lumpur : |b Institut Pengajian Tinggi, Universiti Malaya, |c 1994. | ||
| 300 | |a ix, 143 leaves : |b ill., col. : |c 30 cm. | ||
| 500 | |a Microfiche. Kuala Lumpur : University of Malaya Library, 2000. 2 fiches : negative ; 11 x 15 cm. | ||
| 502 | |a Dissertation (M.Biotech.) -- Institut Pengajian Tinggi, Universiti Malaya, 1995. | ||
| 504 | |a Bibliography : leaves 109-120 | ||
| 650 | 0 | |a Lignocellulose |x Biodegradation. | |
| 650 | 0 | |a Wood-decaying fungi. | |
| 650 | 0 | |a Pleurotus. | |
| 650 | 0 | |a Fermentation. | |
| 710 | 2 | 0 | |a Universiti Malaya. |b Institut Pengajian Tinggi. |
| 948 | |a 17/03/1991 |b 24/09/2003 | ||
| 596 | |a 1 | ||
| 999 | |a QR135.5 L54LIN |w LC |c 1 |i A500447985 |d 8/8/1995 |l B_KOM4 |m P01UTAMA |n 1 |r Y |s Y |t TESIS |u 18/7/1995 |o .PUBLIC. BKOM 4 :42911 | ||
| 999 | |a QR135.5 L54LIN |w LC |c 2 |i A504991004 |d 23/7/1999 |l STACKS |m P01UTAMA |n 2 |r Y |s Y |t TESIS |u 18/1/1996 | ||
